00698 a2200193 4500010001400000020002300014035001300037037001500050082001100065090001700076245006400093260005400157270007200211300002600283700001600309942002600325999001700351952013600368 aENG-89625 a818965229Xc600.00 aEN-73158 bDBAD / PUB14a230.35 c11344d113441 aGreat women saints of modern India/ccompiled by K.V. Singh aDelhibVista International Publishing Housec2006 aV-196, Near Shiv Sadhna Mandir, C-11, Yamuna Vihar,cDelhie110 053 avi, 226p.c22cm. (Hb) aSingh, K.V. adplcENk230.35 / GRE c11037d11037 00102ddc40718NFICaDBADbDBADeDBAD/PUBg600.00l0o230.35 GREpEN-73158r2008-09-15 00:00:00t1u12141v600.00w2008-09-15yEN